| 000 | 02385nam a2200277Ia 4500 | ||
|---|---|---|---|
| 003 | AR-RoIUNI | ||
| 005 | 20241122062909.0 | ||
| 007 | ta | ||
| 008 | 150616s1999 sp r 000 0 spa d | ||
| 020 | _a8481743909 | ||
| 040 |
_cIUNIR _bSpa _eAnglo |
||
| 080 | _a616.314-08 | ||
| 100 | 1 | _aMount, Graham J. | |
| 245 | 1 | 0 |
_aConservación y restauración de la estructura dental / _cG. J. Mount, W. R. Hume. |
| 260 |
_aMadrid : _bHarcourt Brace, _cc1999. |
||
| 300 |
_a272 p. : _bil. col. y n. ; _c29 cm |
||
| 504 | _aINCBEIND | ||
| 505 | 0 | _aCapítulo 1. Estructura dental -- Capítulo 2. Características y progresión de la caries dental -- Capítulo 3. Tratamiento y control de la caries -- Capítulo 4. Cambios no cariosos en las coronas dentales -- Capítulo 5. Dinámica de los procesos patológicos de la pulpa dental -- Capítulo 6. Instrumentos cortantes utilizados en la restauración dental -- Capítulo 7. Principios básicos de la odontología restauradora -- Capítulo 8. Materiales de ionómeros de vidrio -- Capítulo 9. Resinas de composite -- Capítulo 10. Amalgamas dentales -- Capítulo 11. Preparación del diente para la restauración con materiales plásticos -- Capítulo 12. Materiales rígidos utilizados en la restauración dental -- Capítulo 13. Preparación del diente para la restauración con materiales rígidos -- Capítulo 14. Otros procedimientos clínicos relacionados con la fabricación de restauraciones rígidas -- Capítulo 15. Restauración estética de los dientes anteriores -- Capítulo 16. Elección entre diferentes métodos de restauración -- Capítulo 17. Protección pulpar durante la restauración dental y después de la misma -- Capítulo 18. Tratamiento de la pulpa vital -- Capítulo 19. Restauración de los dientes sin pulpa -- Capítulo 20. Consideraciones periodontales en la restauración dental --Capítulo 21. Oclusión y restauración de dientes individuales -- Capítulo 22. Fracasos de restauraciones individuales y su tratamiento -- Apéndice I. Peligros para el odontólogo y sus ayudantes -- Apéndice II. Control de las infecciones. | |
| 534 | _tObra original: Preservation and restoration of tooth structure. | ||
| 650 | 0 |
_aOdontología _9546 |
|
| 650 | 4 | _aOPERATORIA DENTAL | |
| 650 | 4 | _aTÉCNICA DE PRÓTESIS Y OCLUSIÓN | |
| 650 | 4 | _aODONTOLOGÍA RESTAURADORA | |
| 700 | 1 | _aHume, W. R. | |
| 942 |
_cBK _2cdu |
||
| 999 |
_c1466 _d1466 |
||